000 01297nam0a22003011 4500
001 rc\3020233
005 20250806201346.0
035 _a(NLR Aleph) 007162355
090 _a23080
_c23080
100 _a20110927d1944 u y0rusy50 ca
101 0 _arus
102 _aRU
105 _ay z |||||
200 1 _aПроблема защиты мира и международной безопасности
_fИ. Тайгин
210 _a[Москва]
_cВоенмориздат
_d[1944]
_g1-я типо-литогр. УВМИ
215 _a18 с., [2] с. "Для заметок"
_d19 см
225 1 _aВ помощь политработнику
_fГл. полит. упр. ВМФ
300 _aПерепеч. из журн. "Большевик", № 2, 1944
300 _aПсевд. раскрыт по изд.: Международные отношения. Политика. Дипломатия. Москва, 1964
300 _aБез обл. и тит. л.
700 1 _aМайский
_bИ. М.
_f1884-1975
_gИван Михайлович
_3RU\NLR\AUTH\770128740
801 0 _aRU
_bNLR
_gpsbo
801 1 _aRU
_bELAR
_2rusmarc
852 _aNLR
_jИ24 Г-4/112
942 _cBOOK
945 _aРоссийская национальная библиотека
980 _aNB
980 _aBV